Weltmeister und Vize-Weltmeister der Quidditch-Weltmeisterschaft - Statistiken

Allgemein
  • Dieses Quiz wurde 29 mal gespielt
  • Das Durchschnittsergebnis liegt bei 9 aus 20
Antwortstatistiken
Antwort % Korrekt
Bulgarien
87%
Bulgarien
87%
Bulgarien
87%
Irland
87%
Frankreich
65%
Schottland
65%
Rumänien
57%
Transsilvanien
57%
Kanada
43%
Brasilien
39%
Flandern
39%
China
35%
Australien
30%
Neuspanien
30%
Ägypten
26%
Senegal
13%
Burkina Faso
9%
Malawi
9%
Moldawien
4%
Syrien
4%
Keine übereinstimmenden Quizze gefunden
Verteilung der Resultate
Anzahl Personen mit jedem Resultat
Perzentil nach korrekt beantworteten Fragen
Ihre Resultats-Entwicklung
Sie haben dieses Quiz noch nicht gespielt